| 000 | 00686cam a22002051 4500 | ||
|---|---|---|---|
| 001 | ne 65001893 | ||
| 003 | DLC | ||
| 005 | 20260227111816.0 | ||
| 008 | 840117s1965 ua 000 0 arar | ||
| 010 | _ane 65001893 | ||
| 035 | _a(OCoLC)10310024 | ||
| 040 |
_aDLC _cTxU _dTxU _dDLC |
||
| 042 | _apremarc | ||
| 050 | 0 | 0 |
_aLB2805 _b.H223 |
| 100 | 1 | _aḤāfiẓ, Muḥammad ʻAlī. | |
| 245 | 1 | 3 |
_aal-Takhtīṭ lil-tarbiyah wa-al-taʻlīm, _ctaʼlīf Muḥammad ʻAlī Ḥāfiẓ. |
| 260 |
_a[al-Qāhirah] _bal-Muʼassasah al-Miṣrīyah al-ʻĀmmah lil-Taʼlīf wa-al-Anbāʼ wa-al-Nashr, _c[1965] |
||
| 300 |
_a463 p. _billus. _c24 cm. |
||
| 650 | 0 | _aSchool management and organization. | |
| 999 |
_c48357 _d48357 |
||